[Event "Buenos Aires Masters op"]
[Site "Buenos Aires"]
[Date "2024.06.20"]
[Round "5"]
[White "Segovia, Walter Fabian"]
[Black "Manteiga, Franco"]
[Result "0-1"]
[WhiteElo "1927"]
[BlackElo "2006"]
[PlyCount "43"]
[EventDate "2024.06.17"]
[EventType "swiss"]
[EventRounds "9"]
[EventCountry "ARG"]
[SourceTitle "CBM 220 Extra"]
[Source "ChessBase"]
[SourceDate "2024.07.31"]
[SourceVersion "1"]
[SourceVersionDate "2024.07.31"]
[SourceQuality "1"]

1. c4 e6 2. e4 c5 3. Nf3 Nc6 4. Nc3 Nf6 5. Be2 a6 6. 0-0 Qc7 7. a3 Nd4 8. Rb1 d6 9. d3 Nxe2+ 10. Qxe2 Be7 11. Be3 0-0 12. Bg5 Bd7 13. Rfd1 b5 14. cxb5 axb5 15. Rbc1 e5 16. Bxf6 Bxf6 17. Nd5 Qd8 18. Ra1 Be6 19. b4 Bxd5 20. exd5 e4 21. dxe4 Bxa1 22. Rxa1 0-1